ARRUPE JESUIT UNIVERSITY

CORONAVIRUS -STOP THE SPREAD - CLEAN,DISINFECT,COVER

Derrida : (Record no. 119863)

MARC details
000 -LEADER
fixed length control field 00980cam a2200265 a 4500
001 - CONTROL NUMBER
control field 2144007
003 - CONTROL NUMBER IDENTIFIER
control field ARRUPE
005 - DATE AND TIME OF LATEST TRANSACTION
control field 20140203111835.0
008 - FIXED-LENGTH DATA ELEMENTS--GENERAL INFORMATION
fixed length control field 980928s1999 enk b 001 0 eng
010 ## - LIBRARY OF CONGRESS CONTROL NUMBER
LC control number 98040809
020 ## - INTERNATIONAL STANDARD BOOK NUMBER
International Standard Book Number 0745611672 (alk. paper)
020 ## - INTERNATIONAL STANDARD BOOK NUMBER
International Standard Book Number 0745611680 (pbk. : alk. paper)
040 ## - CATALOGING SOURCE
Original cataloging agency DLC
Transcribing agency DLC
Modifying agency DLC
050 00 - LIBRARY OF CONGRESS CALL NUMBER
Classification number B2430.D484
Item number H69 1998
300 ## - PHYSICAL DESCRIPTION
Dimensions 24 cm.
100 1# - MAIN ENTRY--PERSONAL NAME
Personal name Howells, Christina.
9 (RLIN) 7651
245 10 - TITLE STATEMENT
Title Derrida :
Remainder of title deconstruction from phenomenology to ethics /
Statement of responsibility, etc Christina Howells.
260 ## - PUBLICATION, DISTRIBUTION, ETC. (IMPRINT)
Place of publication, distribution, etc Cambridge, UK ;
-- Malden, MA :
Name of publisher, distributor, etc Polity Press,
Date of publication, distribution, etc 1998
300 ## - PHYSICAL DESCRIPTION
Extent 175 p. ;
504 ## - BIBLIOGRAPHY, ETC. NOTE
Bibliography, etc Includes bibliographical references (p. [163]-169) and index.
600 10 - SUBJECT ADDED ENTRY--PERSONAL NAME
Personal name Derrida, Jacques.
9 (RLIN) 7652
650 #0 - SUBJECT ADDED ENTRY--TOPICAL TERM
Topical term or geographic name as entry element Deconstruction.
9 (RLIN) 7653
906 ## - LOCAL DATA ELEMENT F, LDF (RLIN)
a 7
b cbc
c orignew
d 1
e ocip
f 19
g y-gencatlg
942 ## - ADDED ENTRY ELEMENTS (KOHA)
Source of classification or shelving scheme Library of Congress Classification
Koha item type Monograph ( Printed materials)
Holdings
Withdrawn status Lost status Source of classification or shelving scheme Damaged status Not for loan Home library Current library Shelving location Date acquired Total Checkouts Full call number Barcode Date last seen Price effective from Koha item type
    Library of Congress Classification     ARRUPE LIBRARY ARRUPE LIBRARY Main Collection 03/02/2014   B2430.D484 H69 1998 46412135 03/02/2014 03/02/2014 Monograph ( Printed materials)

 

Arrupe Library. PO Box MP320 Mt Pleasant, Harare, Zimbabwe
263 242 745411|librarian@aju.ac.zw